Harry Potter characters sudden death - Statistics

General Stats
  • This quiz has been taken 291 times
  • The average score is 10 of 23
Answers on the Grid
Answers color-coded by a green-red scale on the quiz's grid according to % correct below.
Harry Potter
Ron Weasley
Hermione Granger
Professor Sprout
Fleur Delacour
Bill Weasley
Charles Weasley
Molly Longbottom
Severus Snake
Stan Shunpike
Viktor Krum
Mr Ollivander
Professor Quirrell
Professor Trellis
Lufius Malffoy
Peter Pettigrew
Gorrick Gryffindor
Helga Hufflepuff
Professor McGonagall
Professor Flitwick
Dobby
Nearly Headless Nick
Peeves
Professor Baggs
Cedric Dickory
Madam Pomfrey
Firenze
Madam Hooch
Argus Filch
Luna Lovell
Fluffy
Ginny Weasley
 
Answer Stats
Answer % Correct
Harry Potter
98%
Hermione Granger
83%
Ron Weasley
83%
Fleur Delacour
68%
Professor Sprout
61%
Bill Weasley
59%
Dobby
40%
Professor Quirrell
39%
Viktor Krum
38%
Ginny Weasley
35%
Helga Hufflepuff
35%
Peter Pettigrew
35%
Nearly Headless Nick
34%
Professor Flitwick
34%
Professor McGonagall
34%
Argus Filch
33%
Madam Pomfrey
33%
Mr Ollivander
33%
Peeves
31%
Firenze
28%
Stan Shunpike
28%
Madam Hooch
27%
Fluffy
25%
No matching quizzes found
Score Distribution
Percent of People with Each Score
Percentile by Number Answered
Your Score History
You have not taken this quiz